Normal view
MARC view
Entry Personal Name
001 - CONTROL NUMBER
- control field: 1235446
003 - CONTROL NUMBER IDENTIFIER
- control field: OSt
005 - DATE AND TIME OF LATEST TRANSACTION
- control field: 20260423110653.0
008 - FIXED-LENGTH DATA ELEMENTS
- fixed length control field: 260423|| aca||aabn | a|a d
040 ## - CATALOGING SOURCE
- Original cataloging agency: OSt
- Transcribing agency: OSt
100 ## - HEADING--PERSONAL NAME
- Personal name: Chaudhary, Sukant K
670 ## - SOURCE DATA FOUND
- Source citation: Work cat.: (OSt)11979: Sociology of Environment, 2014 .
